• 首页
  • 本馆介绍
  • 公告通知
  • 最新文献
  • 馆藏检索
  • 电子资源
  • 读者导购
  • 参考咨询
  • 我的图书馆
  • 登录
  • 详细信息显示
  • 放入我的书架
  • 预约/预借图书
  • 作者相关作品
  • 分类相关作品
  • 丛书相关作品
  • 出版社相关作品

书目信息

  • 表格格式
  • 工作单格式
  • 卡片格式
题名:
全日制十年制学校初中中国历史第二册(试用本)教学参考书
    
 
作者: 中小学通用教材历史编写组编
分册:  
出版信息: 北京   人民教育出版社  1978
页数: 257页
开本: 19cm
丛书名:
单 册:
中图分类: G633.53
科图分类:
主题词: 历史-中国--初中--教学参考资料
电子资源:
ISBN: K7012.077
000 00816nam0 2200229 450
001 0179004523
005 20100712215557.0
010    @aK7012.077@dCNY0.56
091    @aK7012.077@d¥0.56
100    @a19950717d19791978em y0chiy0110 ea
101 0  @achi
102    @aCN@b110000
105    @ay z 000yy
106    @ar
200 1  @a全日制十年制学校初中中国历史第二册(试用本)教学参考书@9Quan Ri Zhi Shi Nian Zhi Xue Xiao;Jiao Chu Zhong Zhong Guo Li Shi Di Er Ce ( Shi Yong Ben ) Jiao Xue Can;Cen;Shen Kao Shu @f中小学通用教材历史编写组编
210    @a北京@c人民教育出版社@d1978@e北京@g北京出版社@h1979印
215    @a257页@d19cm
606 0  @a历史-中国@x初中@x教学参考资料
607    @a中国@x历史@x初中@x教学参考资料
690    @aG633.53@v3
801  0 @aCN@b91MARC@c20130904
905    @aBZT@dG633.53@e6@f1@sG633.53/6
    
    全日制十年制学校初中中国历史第二册(试用本)教学参考书/中小学通用教材历史编写组编.-北京:人民教育出版社,1978(北京:北京出版社,1979印)
    257页;19cm
    
    
    ISBN K7012.077:CNY0.56
    
●
相关链接 在五车中查询图书 在当当中查询图书 在豆瓣中查询图书


正题名:全日制十年制学校初中中国历史第二册(试用本)教学参考书     索取号:G633.53/6         预约/预借

序号 登录号 条形码 馆藏地/架位号 状态 备注
1 2000094862   2000094862   旧书回溯/ [索取号:G633.53/6] 在馆    
山东省滨州职业学院图书馆 欢迎您!
大连网信软件有限公司© 版权所有